[Event "Coro op"]
[Site "Coro"]
[Date "2019.07.20"]
[Round "3"]
[White "Corado Paz Castillo, Rafael"]
[Black "Varela Mendoza, Jesus Manuel"]
[Result "1-0"]
[WhiteElo "2214"]
[BlackElo "1817"]
[PlyCount "45"]
[EventDate "2019.07.19"]
[EventType "swiss"]
[EventRounds "6"]
[EventCountry "VEN"]
[SourceTitle "EXT 2020"]
[Source "ChessBase"]
[SourceDate "2019.10.17"]
[SourceVersion "1"]
[SourceVersionDate "2019.10.17"]
[SourceQuality "1"]

1. e4 e5 2. Nf3 Nc6 3. d4 exd4 4. Nxd4 Bc5 5. Nb3 Bb4+ 6. c3 Be7 7. Bd3 Nf6 8. f4 d6 9. Be3 Ng4 10. Bd2 0-0 11. Qf3 Bh4+ 12. g3 Be7 13. Na3 a5 14. h3 Nf6 15. 0-0-0 a4 16. Nd4 Nxd4 17. cxd4 d5 18. e5 Ne8 19. Nc2 c6 20. f5 Bg5 21. Bxg5 Qxg5+ 22. Kb1 c5 23. h4 1-0

[Event "Para Todos-ch"]
[Site "San Francisco, Estado Zulia"]
[Date "2017.03.05"]
[Round "2.3"]
[White "Varela Mendoza, Jesus Manuel"]
[Black "Rojas Fernandez, Victor Vidal"]
[Result "1-0"]
[WhiteElo "1829"]
[BlackElo "1283"]
[PlyCount "61"]
[EventDate "2017.03.05"]
[EventType "swiss"]
[EventRounds "5"]
[EventCountry "VEN"]
[SourceTitle "EXT 2022"]
[Source "ChessBase"]
[SourceDate "2021.10.06"]
[SourceVersion "1"]
[SourceVersionDate "2021.10.06"]
[SourceQuality "1"]

1. d4 Nf6 2. c4 e6 3. a3 b6 4. Nf3 Bb7 5. Nc3 d6 6. Qc2 Be7 7. e4 h6 8. Bd3 Nbd7 9. 0-0 0-0 10. Rd1 Rc8 11. h3 c6 12. e5 Ne8 13. Bf4 d5 14. b3 c5 15. cxd5 cxd4 16. Nxd4 Bxd5 17. Qb2 Bb7 18. Rac1 Nc5 19. Bb1 Qc7 20. Qc2 g6 21. b4 Nd7 22. Qe2 Bg5 23. Ndb5 Qc6 24. Be4 Qc4 25. Bxb7 Bxf4 26. Bxc8 Qxc8 27. Rc2 Bxe5 28. Rxd7 Qxd7 29. Qxe5 Qd3 30. Qe2 Qxe2 31. Rxe2 1-0

[Event "Fundacion Para Todos I IRT Clasico -ch"]
[Site "Maracaibo"]
[Date "2016.11.06"]
[Round "5.2"]
[White "Gil Mavares, Ricardo Jose"]
[Black "Varela Mendoza, Jesus Manuel"]
[Result "1/2-1/2"]
[WhiteElo "1912"]
[BlackElo "1824"]
[PlyCount "109"]
[EventDate "2016.11.05"]
[EventType "swiss"]
[EventRounds "5"]
[EventCountry "VEN"]
[SourceTitle "EXT 2022"]
[Source "ChessBase"]
[SourceDate "2021.10.06"]
[SourceVersion "1"]
[SourceVersionDate "2021.10.06"]
[SourceQuality "1"]

1. e4 c5 2. Nf3 Nc6 3. d4 cxd4 4. Nxd4 e5 5. Nb3 Nf6 6. Nc3 Bb4 7. Bd3 d5 8. exd5 Nxd5 9. Bd2 Nf4 10. Be4 0-0 11. 0-0 Ng6 12. a3 Bd6 13. Nb5 Be7 14. Be3 a6 15. Qxd8 Rxd8 16. Nc7 Rb8 17. Nxa6 bxa6 18. Bxc6 Bf5 19. Rac1 Bxc2 20. Rxc2 Rxb3 21. Ba4 Rb7 22. b4 Nf8 23. Bc6 Rbb8 24. g3 Ne6 25. Be4 Nd4 26. Rc7 Bf6 27. Ra7 Rd6 28. Kg2 Bd8 29. Rc1 g6 30. Ra8 Rxa8 31. Bxa8 Kg7 32. Rc5 f6 33. Rd5 Rxd5 34. Bxd5 Nb5 35. a4 Nc3 36. Bc6 a5 37. Bc5 Kf7 38. Kf1 Ke6 39. Ke1 Nd5 40. b5 Nb6 41. Kd2 Nxa4 42. Ba3 Nb6 43. Kc3 Be7 44. Bc1 Bb4+ 45. Kb3 Kd6 46. Bh6 Kc7 47. Be8 Be7 48. Bf7 Bd6 49. h4 a4+ 50. Ka2 Nd7 51. Bg8 Bf8 52. Bxf8 Nxf8 53. Ka3 h6 54. Kxa4 Kb6 55. Kb4 1/2-1/2

[Event "Fundacion Para Todos I IRT Clasico -ch"]
[Site "Maracaibo"]
[Date "2016.11.06"]
[Round "4.4"]
[White "Varela Mendoza, Jesus Manuel"]
[Black "Colmenares Olivares, Cesar Eduardo"]
[Result "1-0"]
[WhiteElo "1824"]
[BlackElo "1753"]
[PlyCount "56"]
[EventDate "2016.11.05"]
[EventType "swiss"]
[EventRounds "5"]
[EventCountry "VEN"]
[SourceTitle "EXT 2022"]
[Source "ChessBase"]
[SourceDate "2021.10.06"]
[SourceVersion "1"]
[SourceVersionDate "2021.10.06"]
[SourceQuality "1"]

1. d4 d5 2. c4 e6 3. Nc3 Nf6 4. Bg5 Be7 5. Nf3 0-0 6. e3 Nbd7 7. Rc1 c6 8. Bd3 dxc4 9. Bxc4 b5 10. Bb3 a6 11. 0-0 Bb7 12. Qe2 Qb6 13. Ne5 Rfd8 14. Ne4 Nxe5 15. dxe5 Nxe4 16. Bxe7 Rd7 17. Bh4 Rd2 18. Qg4 c5 19. Bc2 Rxc2 20. Rxc2 c4 21. Rd1 Bd5 22. Bf6 g6 23. Qf4 Qb8 24. f3 Nc5 25. e4 Nd3 26. Qh6 Qf8 27. Qxf8+ Kxf8 28. exd5 exd5 1-0

[Event "Fundacion Para Todos I IRT Clasico -ch"]
[Site "Maracaibo"]
[Date "2016.11.05"]
[Round "2.2"]
[White "Varela Mendoza, Jesus Manuel"]
[Black "Rondon Montero, Ernesto Antonio"]
[Result "0-1"]
[WhiteElo "1824"]
[BlackElo "2008"]
[PlyCount "82"]
[EventDate "2016.11.05"]
[EventType "swiss"]
[EventRounds "5"]
[EventCountry "VEN"]
[SourceTitle "EXT 2022"]
[Source "ChessBase"]
[SourceDate "2021.10.06"]
[SourceVersion "1"]
[SourceVersionDate "2021.10.06"]
[SourceQuality "1"]

1. d4 Nf6 2. Nf3 g6 3. g3 Bg7 4. Bg2 0-0 5. 0-0 d6 6. c3 Nbd7 7. Qb3 c5 8. Nbd2 cxd4 9. cxd4 e5 10. Rd1 e4 11. Ne1 d5 12. Nf1 Nb6 13. Bd2 Bd7 14. a4 Bc6 15. Ne3 a5 16. Rdc1 Ne8 17. Bc3 Nd6 18. Qd1 f5 19. f4 exf3 20. Bxf3 Qg5 21. N3g2 Ne4 22. e3 Nc4 23. Qd3 Rae8 24. b3 Nxc3 25. bxc4 Ne4 26. c5 Qe7 27. Bd1 Bh6 28. Ra3 Rf6 29. Nf3 Re6 30. Ne5 Rxe5 31. dxe5 Nxc5 32. Qd4 Ne6 33. Qb2 d4 34. Rxc6 bxc6 35. exd4 Nxd4 36. Bb3+ Kh8 37. Qxd4 Qxa3 38. e6+ Bg7 39. Qd7 Qe7 40. Qxc6 Rd8 41. Nf4 Qb4 0-1

[Event "Caracas FVA 80th Ann"]
[Site "Caracas"]
[Date "2015.12.20"]
[Round "8"]
[White "Varela Mendoza, Jesus Manuel"]
[Black "Tortolero Hernandez, Cesar Aug"]
[Result "0-1"]
[WhiteElo "1768"]
[BlackElo "1927"]
[PlyCount "67"]
[EventDate "2015.12.16"]
[EventType "swiss"]
[EventRounds "8"]
[EventCountry "VEN"]
[SourceTitle "EXT 2018"]
[Source "ChessBase"]
[SourceDate "2017.10.13"]
[SourceVersion "1"]
[SourceVersionDate "2017.10.13"]
[SourceQuality "1"]

1. f4 e5 2. fxe5 d6 3. exd6 Bxd6 4. Nf3 Nc6 5. d4 Bf5 6. Bg5 f6 7. Be3 Nce7 8. Na3 Nd5 9. Bf2 Bb4+ 10. Nd2 Qe7 11. Nab1 Ne3 12. Bxe3 Qxe3 13. c3 Bd6 14. Nf3 Nh6 15. Qd2 Ng4 16. Qxe3+ Nxe3 17. Kd2 Nc2 18. e4 Bxe4 19. Bd3 Bxd3 20. Kxd3 Nxa1 21. Nbd2 Bf4 22. Re1+ Kf7 23. Rxa1 Bxd2 24. Kxd2 Rhe8 25. Rf1 Kg8 26. Ne1 Re7 27. Nd3 Rae8 28. Rf2 b6 29. g3 c6 30. Nf4 Re1 31. Ne2 Ra1 32. b3 g6 33. Kc2 h5 34. Kd2 0-1

[Event "Caracas FVA 80th Ann"]
[Site "Caracas"]
[Date "2015.12.17"]
[Round "4"]
[White "Aponte Montes de Oca, Oriana Isabel"]
[Black "Varela Mendoza, Jesus Manuel"]
[Result "1-0"]
[WhiteElo "1932"]
[BlackElo "1768"]
[PlyCount "91"]
[EventDate "2015.12.16"]
[EventType "swiss"]
[EventRounds "8"]
[EventCountry "VEN"]
[SourceTitle "EXT 2018"]
[Source "ChessBase"]
[SourceDate "2017.10.13"]
[SourceVersion "1"]
[SourceVersionDate "2017.10.13"]
[SourceQuality "1"]

1. e4 c5 2. Nf3 Nc6 3. d4 cxd4 4. Nxd4 e5 5. Nb3 Nf6 6. Nc3 Bb4 7. Bc4 0-0 8. Qd3 a5 9. 0-0 a4 10. Nd2 Nd4 11. a3 Ba5 12. Nf3 Nxf3+ 13. Qxf3 Bxc3 14. bxc3 Qc7 15. Qd3 Ra5 16. Bg5 Nh5 17. Bd5 Ra6 18. Rab1 Rg6 19. Be3 b5 20. c4 bxc4 21. Qxc4 Qxc4 22. Bxc4 Ba6 23. Bxa6 Rxa6 24. Rb4 h6 25. Rd1 Nf6 26. f3 Rc8 27. c4 d6 28. Kf2 Ne8 29. Ke2 Kf8 30. Kd3 Ke7 31. Rdb1 Ke6 32. Rb6 Rc6 33. Rxc6 Rxc6 34. Rb7 Nc7 35. Ra7 Na6 36. Kc3 h5 37. h4 g6 38. g4 hxg4 39. fxg4 f5 40. h5 fxe4 41. hxg6 d5 42. g7 d4+ 43. Bxd4 exd4+ 44. Kxd4 Rd6+ 45. Ke3 Rd3+ 46. Kf4 1-0

[Event "Panamericano-ch Senior 50"]
[Site "Porlamar"]
[Date "2015.08.23"]
[Round "3.2"]
[White "Varela Mendoza, Jesus Manuel"]
[Black "Ostos, Julio Eduardo"]
[Result "0-1"]
[WhiteElo "1752"]
[BlackElo "2242"]
[PlyCount "36"]
[EventDate "2015.08.22"]
[EventType "swiss"]
[EventRounds "9"]
[EventCountry "VEN"]
[SourceTitle "EXT 2024"]
[Source "ChessBase"]
[SourceDate "2023.10.10"]
[SourceVersion "1"]
[SourceVersionDate "2023.10.10"]
[SourceQuality "1"]

1. d4 Nf6 2. c4 c5 3. Nf3 g6 4. Nc3 Bg7 5. e4 0-0 6. e5 Ng4 7. h3 cxd4 8. hxg4 dxc3 9. bxc3 Qa5 10. Bd3 Qxc3+ 11. Ke2 Qxa1 12. Rxh7 Kxh7 13. Qh1+ Kg8 14. Ng5 Qxe5+ 15. Be3 Bh6 16. Qxh6 Qh8 17. Nxf7 Rxf7 18. Qxg6+ Qg7 0-1

[Event "Nuestra Senora de Chiquinquira Cup 13th"]
[Site "Maracaibo"]
[Date "2012.11.24"]
[Round "6"]
[White "Gil Mavares, Ricardo Jose"]
[Black "Varela Mendoza, Jesus Manuel"]
[Result "1-0"]
[WhiteElo "1854"]
[BlackElo "1759"]
[PlyCount "24"]
[EventDate "2012.11.22"]
[EventType "swiss"]
[EventRounds "7"]
[EventCountry "VEN"]
[SourceTitle "EXT 2024"]
[Source "ChessBase"]
[SourceDate "2023.10.10"]
[SourceVersion "1"]
[SourceVersionDate "2023.10.10"]
[SourceQuality "1"]

1. d4 Nf6 2. Nf3 b6 3. g3 Bb7 4. Bg2 e6 5. 0-0 Be7 6. c4 c5 7. dxc5 Bxc5 8. Nc3 0-0 9. Qc2 Na6 10. a3 Nc7 11. e4 a5 12. Ne1 Ng4 1-0